000 01514nam a2200337 ia4500
003 OSt
005 20260408111511.0
008 260408s2024 enkab jr 000 1 eng d
020 _a9781801314138
_cRM 41.00
_qpaperback
040 _aPPAK
_beng
_cPPAK
_erda
082 0 4 _223
_a823.92
090 0 0 _a823.92
_bBUS
_dK
100 1 _aBushby, Aisha,
_eeauthor.
245 1 0 _aThe Mystery Visitor /
_cAisha Bushby ; Illustrations by Kübra Teber
246 3 5 _aJoin Tiny in her miniature adventure world filled with BIG adventures!" : TINY the Seceret Adventurer :
_bthe mystery visitor
264 1 _aLondon, UK :
_bUsborne,
_c2024
300 _a123 pages :
_billustrations ;
_c20 cm
336 _atext
_2rdacontent
337 _aunmediated
_2rdamedia
338 _avolume
_2rdacarrier
490 1 _aTINY the Secret Adventurer
500 _a"You don't have to be big to be brave!"--Cover.
520 _a"One day a mystery visitor with large paws, sharp fangs and shining eyes arrives in the school garden where Tiny lives with her animal friends. The animals are scared, but Tiny realizes this young creature needs help... Can she persuade the others that this mystery visitor means them no harm?"--
_cPublisher
650 1 0 _aGarden animals
_vJuvenile fiction
650 2 0 _aFriendship
_vJuvenile fiction
655 7 _aAnimal fiction.
655 7 _aAction and adventure fiction.
700 1 _aTeber, Kübra,
_eillustrations.
830 0 _aTiny the secret adventurer
942 _2ddc
_cB
999 _c203744
_d203744